000 01451nam a2200361 c 4500
003 BLK
005 20180420223502.0
008 180408b bul|||||r ||||||| ||bul||
010 _aKNG00071286000
020 _a954-8248-21-2
_bиздат.: Работилница за книжнина Васил Станилов
040 _aBLK
041 _aBUL
_cBUL
080 _aБългарска литература
_b821.163.2
_x-17
_z821.163.2-17
100 1 _aПавлов - Вай, Валентин
_eпърви автор
_9293198
700 1 _aПавлов, Валентин
_e*
_9293199
700 1 _aВай
_e*
_gПавлов, Валентин
_9293200
700 1 _aГичев, Гичо Иванов
_eхудож.
_9290648
139 _aПавлов, Валентин
_bП 13
245 1 0 _aЕкспериментално поколение
_bСмешна лирика
_cВалентин Павлов - Вай; * Валентин Павлов; * Вай; худож. Гичо Иванов Гичев.
257 _aBGR
260 София
_bРаботилница за книжнина Васил Станилов
_c2004
300 _a79 с.
_c20 см
380 _aX
500 _aОфс. изд.
653 _aстихотворения
653 _aхумор
653 _aсатира
852 _aЦб 231227
856 4 _qpdf
_u
856 4 _qpdf
_u
942 _cKNG
_n0
944 _aCR
_c07.02.2007
_lф /
_kЛюдмила_Стоянова
944 _aED
_c29.10.2009
_lф /
_k
999 _c66981
_d66981